Statistics for Who Carried Texas in Each Election

Click here to take the quiz!

General Stats

  • This quiz has been taken 228 times
  • The average score is 34 of 42

Answer Stats

Popular Vote PercentagePresidential CandidateElection Year% Correct
88.06%Franklin D. Roosevelt1932
100%
80.92%Franklin D. Roosevelt1940
100%
87.08%Franklin D. Roosevelt1936
100%
76.92%Woodrow Wilson1916
100%
52.01%Donald Trump2020
91%
52.09%Donald Trump2016
91%
53.13%Dwight D. Eisenhower1952
91%
55.26%Dwight D. Eisenhower1956
91%
71.42%Franklin D. Roosevelt1944
91%
55.95%George H.W. Bush1988
91%
40.56%George H.W. Bush1992
91%
61.09%George W. Bush2004
91%
59.30%George W. Bush2000
91%
65.97%Harry S. Truman1948
91%
51.77%Herbert Hoover1928
91%
51.14%Jimmy Carter1976
91%
50.52%John F. Kennedy1960
91%
55.38%John McCain2008
91%
63.32%Lyndon B. Johnson1964
91%
57.13%Mitt Romney2012
91%
66.20%Richard Nixon1972
91%
55.28%Ronald Reagan1980
91%
72.73%Woodrow Wilson1912
91%
48.76%Bob Dole1996
82%
41.14%Hubert Humphrey1968
82%
66.59%James Buchanan1856
82%
63.61%Ronald Reagan1984
82%
68.00%William Jennings Bryan1896
82%
73.97%William Jennings Bryan1908
82%
63.12%William Jennings Bryan1900
82%
73.07%Franklin Pierce1852
73%
56.65%Grover Cleveland1892
73%
65.70%Grover Cleveland1888
73%
69.26%Grover Cleveland1884
73%
71.45%Alton B. Parker1904
64%
59.34%James M. Cox1920
64%
75.49%John C. Breckinridge1860
64%
70.04%Samuel J. Tilden1876
64%
57.07%Horace Greeley1872
55%
73.70%John W. Davis1924
55%
70.29%Lewis Cass1848
45%
64.71%Winfield Scott Hancock1880
45%

Score Distribution

Percentile by Number Answered

Percent of People with Each Score

Your Score History

You have not taken this quiz